European environmental law

Αποθηκεύτηκε σε:
Λεπτομέρειες βιβλιογραφικής εγγραφής
Κύριος συγγραφέας: Jans, J. H.
Άλλοι συγγραφείς: Vedder, Hans
Μορφή: Βιβλίο
Γλώσσα:English
Δημοσίευση: Groningen : Europa Law Publishing, 2008
Έκδοση:3rd ed.
Θέματα:
Ετικέτες: Προσθήκη ετικέτας
Δεν υπάρχουν, Καταχωρήστε ετικέτα πρώτοι!

MARC

LEADER 00000cam a2200000 i 4500
001 1/9173
008 100712s2008 eng d
020 |a 978-90-76871-76-9 (hbk.) 
035 |l 10108533 
040 |a GR-MY-UA  |b gre  |e aacr 
041 0 |a eng 
082 0 |a 344.046  |2 (22) 
100 1 |a Jans, J. H. 
245 1 0 |a European environmental law /  |c Prof. Jan H. Jans & Dr. Hans H.B. Vedder 
250 |a 3rd ed. 
260 |a Groningen :   |b Europa Law Publishing,   |c 2008 
300 |a xvi, 496 σ.;  |c 24 εκ. 
504 |a Βιβλιογραφία: σ. [467]-476 
504 |a Ευρετήριο: σ. [493]-496 
650 0 0 |a Environmental law  |z European Union countries. 
700 1 |a Vedder, Hans. 
852 |a INST  |b LESVOS  |e 20100712  |h 344.046 JAN  |p 005100048149  |q 005100048149  |t BK  |y 0 
901 |a BIBL1-2010-2 
909 |a Λ  |b 165815 
970 |a ΚΑΡΑ  |b ΓΙΑΣΕΜΗ  |z 2010/07/12